000 00393nam a2200157Ia 4500
008 190516s9999 xx 000 0 und d
100 _aOcampo, Yas
245 _aNutrition council warns against spoiled food/
245 _cYas Ocampo
260 _bManila Bulletin
260 _c2016
300 _aDecember 25
440 _aManila Bulletin
650 _afood spoilage
650 _ahealth
999 _c361872
_d361872